|
|
|
|
| LEADER |
00000nam0a2200000 4500 |
| 001 |
362440 |
| 005 |
20231102011506.0 |
| 035 |
|
|
|a (RuTPU)RU\TPU\retro\19786
|
| 090 |
|
|
|a 362440
|
| 100 |
|
|
|a 20210727d1965 k y0rusy50 ca
|
| 101 |
0 |
|
|a rus
|
| 102 |
|
|
|a RU
|
| 105 |
|
|
|a a z 101zy
|
| 200 |
1 |
|
|a Электробезопасность на предприятиях горнодобывающей промышленности
|e сборник трудов научно-технического совещания по электробезопасности на предприятиях горнодобывающей промышленности, состоявшегося в Кривом Роге с 22 по 26 мая1963 г.
|
| 210 |
|
|
|a Москва
|c Недра
|d 1965
|
| 215 |
|
|
|a 128 с.
|c ил.
|
| 320 |
|
|
|a Библиография в конце докладов
|
| 606 |
1 |
|
|a Горная промышленность, предприятия
|x Электробезопасность
|2 stltpush
|3 (RuTPU)RU\TPU\subj\64928
|9 81616
|
| 610 |
1 |
|
|a горнодобывающая промышленность
|
| 610 |
1 |
|
|a шахты
|
| 610 |
1 |
|
|a изоляция
|
| 610 |
1 |
|
|a сопротивление
|
| 610 |
1 |
|
|a измерение
|
| 610 |
1 |
|
|a методы
|
| 610 |
1 |
|
|a средства
|
| 610 |
1 |
|
|a карьеры
|
| 610 |
1 |
|
|a силовые электрические сепи
|
| 610 |
1 |
|
|a тяговые электрические сепи
|
| 610 |
1 |
|
|a безопасность
|
| 610 |
1 |
|
|a защитные меры
|
| 610 |
1 |
|
|a совещания
|
| 675 |
|
|
|a 622.012:658.26(063)
|v 4
|
| 712 |
1 |
2 |
|a Электробезопасность на предприятиях горнодобывающей промышленности
|c совещание
|e Кривой Рог
|f 1963
|
| 801 |
|
1 |
|a RU
|b 63413507
|c 20210727
|
| 942 |
|
|
|c BK
|